Historia de Venezuela

Detalles Bibliográficos
Autor Principal: Morón Montero, Guillermo. 1926-2021
Formato: Libro
Idioma:Spanish
Edición:2a ed.,
Subjects:

MARC

LEADER 00000cam a2200000 a 4500
001 50961
005 20230308173237.0
008 000000|1958 ||||||||r|||||||||||spa||
040 |b spa 
041 1 |a spa 
082 0 |a 987 
100 1 |a Morón Montero, Guillermo.  |d 1926-2021  |9 11491 
245 |a Historia de Venezuela  |c Guillermo Morón  |h imp 
250 |a 2a ed., 
264 |a Caracas  |b Aro Artes Gráficas  |c 1958 
300 |a 489 páginas:  |c 22 cm 
504 |a incl. ref. 
650 1 |a Historia de venezuela  |9 8321 
650 1 |a Venezuela  |9 1368 
852 |a UC-CDJBV  |c ESTANTERIA CERRADA  |f Donación  |k lucia.mora  |l 1  |m General  |p 00000000  |q 30,00  |r 1  |t 50961  |b 0  |d CDRC  |e CDRC  |g 987 ESTANTERIA CERRADA  |z 0000-00-00 
942 |c BK 
999 |c 42678  |d 42678